000 00434nam a2200181Ia 4500
001 20685
005 20260306172824.0
008 260306t2019||||xx |||||||||||||| ||spa||
041 _aESP
082 _a343.6
_bR93
100 _aRuiz Morales, Cecilia
_eAUT
245 0 _aSumma de contrataciones del estado
260 _c2019
300 _a1422 páginas :
_c25 cm.
650 _aGEN
654 _aCDE
942 _cLIB
_dJUS
_fJUS
_2ddc
_n
999 _c20685
_d20685